000 00746nam a2200241Ia 4500
005 20260121112541.0
008 6900 260114s9999 xx 000 0 eng d
020 _a9789812835925
037 _aEBOOK
040 _aCRL
_beng
_cCRL
041 _aeng
_2eng
084 _qCRL
100 _aTheriault Jean-Marc Et Al
_9959423
245 0 _aSpectral Sensing Research for Surface and Air Monitoring in Chemical, Biological and Radiological Defense and Security Applications
260 _bWorld Scientific
260 _bWSPC
260 _c2009
650 _aEngineering / Acoustics
_9959424
856 _uhttps://www.worldscientific.com/worldscibooks/10.1142/7065#t=toc
942 _cEBOOK
999 _c1544200
_d1544200